000 00777nam a2200229Ia 4500
001 860
003 GE_BSU
008 181216s||||||||xx |||||||||||||| ||und||
020 _a5893494156
040 _cGE_BSU
080 _a82.0(075.8)
100 _aГагаев,А.А; Гагаев,П.А;
245 _aХудожественный текст как культурно-исторический феномен.
245 _bУчебное пособие.Теория и практика прочтения.
260 _aМосква
260 _bФлинта
260 _c2002
300 _a180 с.
541 _h6 л.
653 _aХудожественный текст как култьтурно-исторический феноменурно
942 _cBK
999 _c35021
_d35021